书目信息 |
| 题名: |
咳喘病用药与配餐 : 精华版
|
|
| 作者: | 宫晓燕 主编 | |
| 分册: | ||
| 出版信息: | 长春 吉林科学技术出版社 2008.07 |
|
| 页数: | 200页 | |
| 开本: | 20cm | |
| 丛书名: | ||
| 单 册: | ||
| 中图分类: | R247.1 | |
| 科图分类: | ||
| 主题词: | 中医学:临床医学 | |
| 电子资源: | ||
| ISBN: | 7-5384-3871-8 | |
| 000 | 00622nam0 2200193 450 | |
| 001 | 1556270585 | |
| 005 | 20151031082352.35 | |
| 010 | @a7-5384-3871-8@dCNY19.80 | |
| 100 | @a20150617d2008 km y0chiy0120 ea | |
| 101 | 0 | @achi |
| 102 | @aCN@b220000 | |
| 200 | 1 | @a咳喘病用药与配餐 : 精华版@Ake chuan bing yong yao yu pei can:jing hua ban@f宫晓燕主编@Fgong xiao yan zhu bian |
| 210 | @a长春@c吉林科学技术出版社@d2008.07 | |
| 215 | @a200页@d20cm | |
| 606 | 0 | @a中医学:临床医学 |
| 690 | @aR247.1@v4 | |
| 701 | 0 | @a宫晓燕@Agong xiao yan@4主编 |
| 801 | 0 | @aCN@b大连网信软件有限公司图书馆·11@c20151031 |
| 905 | @aZUCC@dR247.1@eG375 | |
| 咳喘病用药与配餐 : 精华版/宫晓燕主编.-长春:吉林科学技术出版社,2008.07 |
| 200页;20cm |
| ISBN 7-5384-3871-8:CNY19.80 |
| ● |
| 相关链接 |
|
|
|
正题名:咳喘病用药与配餐 : 精华版
索取号:R247.1/G375
 
预约/预借
| 序号 | 登录号 | 条形码 | 馆藏地/架位号 | 状态 | 备注 |
| 1 | 497211 | 204972119 | 自科库401/401自科库 10排4列1层/ [索取号:R247.1/G375] | 在馆 |